[Event "Prva liga Centalne Srbije 2009"]
[Site "Vrnjacka Banja"]
[Date "2009.09.23"]
[Round "7.2"]
[White "Misojcic, Miroslav"]
[Black "Petkov, Vladimir"]
[Result "1-0"]
[WhiteElo "2232"]
[BlackElo "2456"]
[PlyCount "99"]
[EventDate "2009.09.19"]

1. d4 Nf6 2. c4 e6 3. Nc3 Bb4 4. e3 O-O 5. Bd3 d5 6. Nf3 c5 7. O-O Nc6 8. a3
Bxc3 9. bxc3 Qc7 10. cxd5 exd5 11. Nh4 c4 12. Bc2 Ne4 13. Bb2 Qd8 14. g3 Re8
15. f3 Nd6 16. Re1 Na5 17. e4 Nb3 18. Rb1 dxe4 19. fxe4 Qg5 20. Qe2 Bd7 21. Nf3
Qh5 22. Ne5 Qxe2 23. Rxe2 Ba4 24. Nf3 Rad8 25. Rbe1 Nc8 26. e5 Bc6 27. Ng5 h6
28. Ne4 Bd5 29. a4 Re6 30. Ba3 Ra6 31. Nc5 Nxc5 32. Bxc5 Nb6 33. Ra1 Be6 34.
Ra3 Nd5 35. Be4 Rd7 36. Rb2 b6 37. Bd6 Ra5 38. Kf2 g5 39. Ke1 Kg7 40. Kd2 f5
41. Bg2 f4 42. gxf4 Nxf4 43. Bc6 Rf7 44. Rb5 Nd3 45. d5 Rf2+ 46. Ke3 Bf5 47.
Rxa5 bxa5 48. e6 Rf1 49. Ra2 Nc1 50. Rf2 1-0

[Event "Prva liga Centalne Srbije 2009"]
[Site "Vrnjacka Banja"]
[Date "2009.09.23"]
[Round "7.2"]
[White "Paunovic, Tomislav"]
[Black "Urosevic, Zoran"]
[Result "1/2-1/2"]
[WhiteElo "2355"]
[BlackElo "2292"]
[PlyCount "31"]
[EventDate "2009.09.19"]

1. d4 Nf6 2. c4 c5 3. e3 d6 4. Nc3 Nbd7 5. Nf3 g6 6. Be2 Bg7 7. O-O O-O 8. d5
Nb6 9. h3 e5 10. a4 a5 11. Ne1 e4 12. Qb3 Nbd7 13. Nb5 Qe7 14. Bd2 b6 15. Nc2
Rb8 16. Bc3 1/2-1/2

[Event "Prva liga Centalne Srbije 2009"]
[Site "Vrnjacka Banja"]
[Date "2009.09.23"]
[Round "7.2"]
[White "Pantelic, Sasa"]
[Black "Manic, Jovica"]
[Result "1-0"]
[WhiteElo "2320"]
[BlackElo "2257"]
[PlyCount "39"]
[EventDate "2009.09.19"]

1. d4 c5 2. d5 e5 3. Nc3 d6 4. f4 exf4 5. Bxf4 a6 6. a4 Be7 7. Nf3 Bg4 8. e4
Bh4+ 9. g3 Bf6 10. Be2 Bxf3 11. Bxf3 Ne7 12. e5 dxe5 13. Be3 Nd7 14. Ne4 Nf5
15. Bf2 O-O 16. c3 Rc8 17. Bg4 Nh6 18. Bh3 Qc7 19. Be3 Bd8 20. Bxh6 1-0

[Event "Prva liga Centalne Srbije 2009"]
[Site "Vrnjacka Banja"]
[Date "2009.09.23"]
[Round "7.2"]
[White "Todorovic, Bojan"]
[Black "Lazic, Zeljko"]
[Result "1-0"]
[WhiteElo "2308"]
[BlackElo "2181"]
[PlyCount "99"]
[EventDate "2009.09.19"]

1. d4 g6 2. e4 Bg7 3. Nc3 d6 4. Be3 Nf6 5. h3 O-O 6. Nf3 c5 7. dxc5 Qa5 8. Nd2
Qb4 9. Rb1 Nc6 10. a3 Qa5 11. Nc4 Qd8 12. cxd6 b5 13. Nxb5 Be6 14. Bd3 exd6 15.
Nbxd6 Qc7 16. Nb5 Qb8 17. Nc3 Rd8 18. Qc1 Qc8 19. Bg5 Nd4 20. Ne3 Re8 21. Bxf6
Bxf6 22. Ncd5 Bg5 23. O-O Bxd5 24. exd5 Bf4 25. Qd1 Re5 26. Qg4 Bxe3 27. fxe3
Qxg4 28. hxg4 Rxe3 29. Kf2 Re5 30. c4 Nb3 31. Rbe1 Rg5 32. Re3 Rxg4 33. Be2
Rf4+ 34. Ke1 Rxf1+ 35. Bxf1 Nd4 36. Kd2 a5 37. Rd3 Nf5 38. c5 Rb8 39. b3 Kf8
40. Kc3 Re8 41. d6 Ra8 42. g4 Ng7 43. b4 Ne6 44. Kc4 Rc8 45. Bg2 f5 46. gxf5
gxf5 47. c6 f4 48. Kd5 Nd8 49. c7 Nf7 50. Bh3 1-0

[Event "Prva liga Centalne Srbije 2009"]
[Site "Vrnjacka Banja"]
[Date "2009.09.23"]
[Round "7.2"]
[White "Micic, Nenad"]
[Black "Markovic, Dejan M"]
[Result "1-0"]
[WhiteElo "2247"]
[BlackElo "2403"]
[PlyCount "77"]
[EventDate "2009.09.19"]

1. d4 d5 2. c4 c6 3. Nf3 Nf6 4. e3 e6 5. b3 Be7 6. Bd3 O-O 7. O-O Ne4 8. Bb2
Nd7 9. Qc2 f5 10. Ne5 Nxe5 11. dxe5 Nc5 12. Be2 b6 13. Nd2 Ne4 14. Nf3 dxc4 15.
Bxc4 c5 16. Rad1 Qe8 17. a4 a6 18. Qe2 Qc6 19. Nd2 Nxd2 20. Rxd2 Rd8 21. Rfd1
Rxd2 22. Rxd2 Qb7 23. g4 b5 24. Bd3 c4 25. bxc4 bxa4 26. gxf5 a3 27. f6 axb2
28. Rxb2 Qd7 29. Qh5 g6 30. Bxg6 Bxf6 31. exf6 hxg6 32. Qxg6+ Kf8 33. Qh6+ Kg8
34. Qg6+ Kf8 35. Rd2 Ra7 36. Rxd7 Rxd7 37. Qh6+ Kg8 38. Qg5+ Kh7 39. Qh5+ 1-0

[Event "Prva liga Centalne Srbije 2009"]
[Site "Vrnjacka Banja"]
[Date "2009.09.23"]
[Round "7.3"]
[White "Panic, Nenad"]
[Black "Boskovic, Drasko"]
[Result "1/2-1/2"]
[WhiteElo "2398"]
[BlackElo "2436"]
[PlyCount "71"]
[EventDate "2009.09.19"]

1. f4 c5 2. Nf3 g6 3. e3 Bg7 4. c3 Nf6 5. d4 d5 6. Bd3 Qc7 7. O-O O-O 8. Nbd2
Nbd7 9. Qe1 Ne8 10. Qh4 Nd6 11. g4 Nf6 12. Ne5 Nfe4 13. Rf3 Bf6 14. Qh6 Bg7 15.
Qh4 Nxd2 16. Bxd2 Ne4 17. Be1 f6 18. Rh3 fxe5 19. Qxh7+ Kf7 20. f5 gxf5 21.
gxf5 Rg8 22. Bxe4 dxe4 23. Bg3 Kf8 24. Rf1 Rh8 25. Qxh8+ Bxh8 26. Rxh8+ Kg7 27.
Rh5 cxd4 28. exd4 Qc4 29. Bxe5+ Kf7 30. Rh7+ Ke8 31. Rh8+ Kf7 32. Rh7+ Ke8 33.
Rh8+ Kf7 34. Rh7+ Ke8 35. Rh8+ Kf7 36. Rh7+ 1/2-1/2

[Event "Prva liga Centalne Srbije 2009"]
[Site "Vrnjacka Banja"]
[Date "2009.09.23"]
[Round "7.3"]
[White "Pancevski, Filip"]
[Black "Markovic, Zoran S"]
[Result "1-0"]
[WhiteElo "2432"]
[BlackElo "2350"]
[PlyCount "39"]
[EventDate "2009.09.19"]

1. e4 c5 2. Nf3 Nc6 3. d3 Nf6 4. Nbd2 d5 5. Be2 g6 6. O-O Bg7 7. c3 e5 8. a3 a5
9. exd5 Nxd5 10. Ne4 b6 11. d4 cxd4 12. Bb5 Bb7 13. Bg5 Qc7 14. cxd4 O-O 15.
Rc1 h6 16. Bh4 exd4 17. Bg3 Qe7 18. Nd6 Na7 19. Re1 Qf6 20. Be5 1-0

[Event "Prva liga Centalne Srbije 2009"]
[Site "Vrnjacka Banja"]
[Date "2009.09.23"]
[Round "7.3"]
[White "Brankovic, Dejan"]
[Black "Stankovic, Milos"]
[Result "0-1"]
[WhiteElo "2358"]
[BlackElo "2357"]
[PlyCount "86"]
[EventDate "2009.09.19"]

1. e4 c5 2. Nf3 d6 3. Bb5+ Nd7 4. O-O Ngf6 5. d4 cxd4 6. Qxd4 e5 7. Qd3 h6 8.
c4 a6 9. Bxd7+ Bxd7 10. Nc3 Be6 11. b3 Be7 12. Nh4 O-O 13. Nf5 Bxf5 14. exf5 b5
15. cxb5 axb5 16. Nxb5 d5 17. Bb2 e4 18. Qg3 Qd7 19. Qc7 Qxb5 20. Qxe7 Rfe8 21.
Qc7 Rac8 22. Qg3 Qb6 23. Rfd1 Rc2 24. Bd4 Qa6 25. b4 Kh7 26. a4 Qc8 27. b5 Qxf5
28. b6 Nh5 29. Qb3 Re2 30. b7 Nf4 31. Qg3 f6 32. Rab1 e3 33. Kh1 Nd3 34. Bxe3
d4 35. Bxd4 Nb2 36. h4 Nxd1 37. Rxd1 Re1+ 38. Rxe1 Rxe1+ 39. Kh2 Qb1 40. Qc7
Rh1+ 41. Kg3 Qg6+ 42. Kf3 Rxh4 43. Qd7 Qe4+ 0-1

[Event "Prva liga Centalne Srbije 2009"]
[Site "Vrnjacka Banja"]
[Date "2009.09.23"]
[Round "7.3"]
[White "Milenkovic, Mladen"]
[Black "Prelevic, Dusko"]
[Result "0-1"]
[WhiteElo "2341"]
[BlackElo "2321"]
[PlyCount "124"]
[EventDate "2009.09.19"]

1. e4 c6 2. d4 d5 3. exd5 cxd5 4. c4 Nf6 5. Nc3 Be6 6. Bg5 dxc4 7. Bxf6 exf6 8.
d5 Bf5 9. Bxc4 Bd6 10. Nge2 O-O 11. O-O Na6 12. Nd4 Bd7 13. Bb3 Qb6 14. Rb1 Be5
15. Nf3 Bg4 16. h3 Bh5 17. Bc2 Rad8 18. g4 Bg6 19. Bxg6 hxg6 20. Nxe5 fxe5 21.
Qe2 Rfe8 22. Qe3 Nc5 23. b4 Nd7 24. Rfd1 Qa6 25. a4 Qc4 26. d6 Nf6 27. g5 Nh5
28. Ne4 Nf4 29. Kh2 b6 30. a5 Qe6 31. axb6 axb6 32. Rb3 Rd7 33. Ra3 Qf5 34. Re1
Nd5 35. Qd2 Nf4 36. Qe3 Nd5 37. Qd2 Nf4 38. Qe3 Rc8 39. Qxb6 Nd5 40. Qb5 Rxd6
41. Rg3 Rdd8 42. Kg1 Rb8 43. Qc5 Rbc8 44. Qb5 Nf4 45. h4 Rc2 46. Qf1 Rd4 47.
Rge3 Qg4+ 48. Ng3 Nh3+ 49. Kg2 Rxf2+ 50. Qxf2 Nxf2 51. Kxf2 Rd2+ 52. R1e2 Qf4+
53. Rf3 Rxe2+ 54. Kxe2 Qxb4 55. Ke3 Qd4+ 56. Ke2 Qxh4 57. Re3 Qxg5 58. Ne4 Qg2+
59. Nf2 f6 60. Ra3 g5 61. Ra4 f5 62. Ra5 g4 0-1

[Event "Prva liga Centalne Srbije 2009"]
[Site "Vrnjacka Banja"]
[Date "2009.09.23"]
[Round "7.3"]
[White "Organdziev, Oliver"]
[Black "Misailovic, Nebojsa"]
[Result "1-0"]
[WhiteElo "2297"]
[BlackElo "2291"]
[PlyCount "107"]
[EventDate "2009.09.19"]

1. e4 c5 2. Nf3 Nc6 3. Bb5 g6 4. Bxc6 dxc6 5. d3 Bg7 6. O-O e5 7. Be3 b6 8. a4
Ne7 9. a5 Be6 10. Nbd2 O-O 11. Ng5 Bd7 12. Nc4 f6 13. Nf3 Rb8 14. axb6 axb6 15.
Ra7 Nc8 16. Ra6 Be6 17. Nfd2 g5 18. Qa1 Rf7 19. Rb1 Bf8 20. b3 Qc7 21. Nf1 Na7
22. Rb2 Bc8 23. Raa2 Nb5 24. Bd2 Be6 25. Ng3 Nd4 26. Ne3 Qc8 27. Ra6 Rfb7 28.
Rba2 Bf7 29. Qd1 b5 30. Bc3 Ne6 31. Ng4 Bg7 32. Nf5 Rd7 33. Nxg7 Kxg7 34. Qf3
Nf4 35. g3 h5 36. gxf4 hxg4 37. Qxg4 Rxd3 38. Qxc8 Rd1+ 39. Kg2 Rxc8 40. fxe5
fxe5 41. Bxe5+ Kh6 42. Ra7 Bg6 43. f3 Rcd8 44. c3 g4 45. fxg4 Bxe4+ 46. Kg3 b4
47. Kh4 R8d5 48. g5+ Kg6 49. Rf2 Rd7 50. Rf6+ Kh7 51. Rh6+ Kg8 52. g6 Kf8 53.
g7+ Kf7 54. Rh8 1-0

[Event "Prva liga Centalne Srbije 2009"]
[Site "Vrnjacka Banja"]
[Date "2009.09.23"]
[Round "7.3"]
[White "Marinkovic, Zoran"]
[Black "Andrejic, Vladica"]
[Result "1/2-1/2"]
[WhiteElo "2259"]
[BlackElo "2213"]
[PlyCount "84"]
[EventDate "2009.09.19"]

1. Nf3 Nf6 2. g3 g6 3. Bg2 Bg7 4. O-O O-O 5. c4 d6 6. Nc3 e5 7. Rb1 a5 8. a3
Re8 9. d3 c6 10. b4 axb4 11. axb4 d5 12. Nd2 Be6 13. b5 Nbd7 14. Bb2 Qc7 15.
Qc2 d4 16. bxc6 bxc6 17. Nce4 Nxe4 18. Nxe4 h6 19. Ra1 f5 20. Nd2 Nc5 21. Ba3
Bf8 22. Rfb1 Bd7 23. Nb3 Nxb3 24. Rxb3 Ra6 25. Bb2 Rxa1+ 26. Bxa1 Ra8 27. Rb1
Ra6 28. Bb2 Qa7 29. Bf3 c5 30. Bd5+ Be6 31. Bxe6+ Rxe6 32. Ra1 Ra6 33. Qc1 Rxa1
34. Qxa1 Qxa1+ 35. Bxa1 Kf7 36. Bb2 Bd6 37. Bc1 g5 38. h3 Kg6 39. Bd2 h5 40.
Kg2 e4 41. Ba5 g4 42. hxg4 hxg4 1/2-1/2

[Event "Prva liga Centalne Srbije 2009"]
[Site "Vrnjacka Banja"]
[Date "2009.09.23"]
[Round "7.4"]
[White "Certic, Branimir"]
[Black "Lapcevic, Milos"]
[Result "0-1"]
[WhiteElo "2413"]
[BlackElo "2390"]
[PlyCount "70"]
[EventDate "2009.09.19"]

1. d4 Nf6 2. c4 e6 3. Nf3 b6 4. Qb3 Bb7 5. Nc3 Be7 6. Bg5 Ne4 7. Nxe4 Bxe4 8.
Bxe7 Qxe7 9. Nd2 Bb7 10. Qg3 Na6 11. Qxg7 O-O-O 12. Qg3 Rhg8 13. Qc3 Bxg2 14.
Bxg2 Rxg2 15. Qf3 Rdg8 16. O-O-O Kb8 17. a3 f5 18. h4 R2g4 19. e4 e5 20. Qxf5
exd4 21. b4 c5 22. b5 Nc7 23. f3 Rg2 24. Rde1 Ne6 25. Rh2 R2g7 26. e5 Rf8 27.
Qe4 Nf4 28. Kc2 Qe6 29. a4 Ng2 30. Rxg2 Rxg2 31. Kd3 Rxd2+ 32. Kxd2 Qxc4 33.
Rc1 Qb4+ 34. Ke2 Qxa4 35. Qxh7 Qa3 0-1

[Event "Prva liga Centalne Srbije 2009"]
[Site "Vrnjacka Banja"]
[Date "2009.09.23"]
[Round "7.4"]
[White "Dezelin, Milan"]
[Black "Stamenkovic, Dragan"]
[Result "1/2-1/2"]
[WhiteElo "2314"]
[BlackElo "2391"]
[PlyCount "20"]
[EventDate "2009.09.19"]

1. d4 d5 2. c4 c6 3. cxd5 cxd5 4. Nf3 Nf6 5. Nc3 Nc6 6. Bf4 Bf5 7. e3 e6 8. Bb5
Nd7 9. Qa4 Rc8 10. O-O a6 1/2-1/2

[Event "Prva liga Centalne Srbije 2009"]
[Site "Vrnjacka Banja"]
[Date "2009.09.23"]
[Round "7.4"]
[White "Jesic, Dusan"]
[Black "Djokic, Nebojsa"]
[Result "1/2-1/2"]
[WhiteElo "2395"]
[BlackElo "2216"]
[PlyCount "36"]
[EventDate "2009.09.19"]

1. d4 Nf6 2. Bf4 g6 3. Nf3 Bg7 4. e3 O-O 5. h3 c5 6. Nbd2 b6 7. Bd3 Bb7 8. O-O
Nc6 9. c3 d5 10. Qe2 Re8 11. Ne5 Nd7 12. Nxd7 Qxd7 13. dxc5 e5 14. Bg3 bxc5 15.
Bb5 Qe7 16. Qd1 a6 17. Ba4 Red8 18. Rc1 e4 1/2-1/2

[Event "Prva liga Centalne Srbije 2009"]
[Site "Vrnjacka Banja"]
[Date "2009.09.23"]
[Round "7.4"]
[White "Madjar, Stanislav"]
[Black "Jovanovic, Zoran Z"]
[Result "0-1"]
[WhiteElo "2171"]
[BlackElo "2354"]
[PlyCount "48"]
[EventDate "2009.09.19"]

1. c4 Nf6 2. Nc3 g6 3. g3 Bg7 4. Bg2 O-O 5. Nf3 d6 6. O-O Nc6 7. d3 Nh5 8. Rb1
f5 9. Bd2 f4 10. Nd5 e5 11. b4 Ne7 12. b5 Kh8 13. Bc3 g5 14. Nd2 g4 15. Ba5
Nxd5 16. cxd5 Nf6 17. Qc2 b6 18. Bc3 Bb7 19. Qb3 a5 20. bxa6 Rxa6 21. a4 Qa8
22. a5 Nxd5 23. Ne4 h6 24. axb6 Ra3 0-1

[Event "Prva liga Centalne Srbije 2009"]
[Site "Vrnjacka Banja"]
[Date "2009.09.23"]
[Round "7.4"]
[White "Kosanovic, Dragan"]
[Black "Ilic, Aleksandar"]
[Result "1-0"]
[WhiteElo "2314"]
[BlackElo "2121"]
[PlyCount "83"]
[EventDate "2009.09.19"]

1. d4 Nf6 2. Nf3 e6 3. e3 b6 4. Bd3 Bb7 5. O-O d5 6. c4 Nbd7 7. b3 Bd6 8. Bb2
O-O 9. Nc3 Ne4 10. Qc2 Ndf6 11. Nb5 a6 12. Nxd6 cxd6 13. Rac1 Rc8 14. Qe2 dxc4
15. bxc4 Qd7 16. Ba3 Ba8 17. Rfd1 Qa4 18. Qb2 b5 19. Qb3 Qxb3 20. axb3 Rfd8 21.
Ne1 Ne8 22. f3 bxc4 23. Bxe4 Bxe4 24. fxe4 cxb3 25. Rb1 Rb8 26. Rd3 Nf6 27.
Rdxb3 Rxb3 28. Rxb3 Nxe4 29. Rb6 a5 30. Ra6 g5 31. Rxa5 Rb8 32. Kf1 Rb1 33.
Ra8+ Kg7 34. Rc8 g4 35. Bc1 h5 36. Nd3 d5 37. Ke2 Nd6 38. Rc2 h4 39. Ne5 f5 40.
Rc7+ Kf6 41. Ba3 Ne4 42. Rh7 1-0

[Event "Prva liga Centalne Srbije 2009"]
[Site "Vrnjacka Banja"]
[Date "2009.09.23"]
[Round "7.5"]
[White "Blagojevic, Dragisa"]
[Black "Janev, Evgeni"]
[Result "1-0"]
[WhiteElo "2546"]
[BlackElo "2461"]
[PlyCount "61"]
[EventDate "2009.09.19"]

1. d4 d6 2. g3 Nf6 3. Nf3 g6 4. c4 Bg7 5. Bg2 c6 6. Nc3 O-O 7. O-O Qa5 8. e4
Bg4 9. h3 Bxf3 10. Bxf3 Nfd7 11. Be3 c5 12. e5 cxd4 13. Bxd4 dxe5 14. Be3 Qa6
15. Nd5 Qd6 16. c5 Nxc5 17. Bxc5 Qxc5 18. Rc1 Qb5 19. Nc7 Qxb2 20. Nxa8 Nc6 21.
Bxc6 bxc6 22. Nc7 e4 23. Rxc6 e3 24. fxe3 e6 25. Nxe6 fxe6 26. Rxf8+ Bxf8 27.
Qb3 Qe2 28. Qxe6+ Kh8 29. Qe5+ Kg8 30. Qd5+ Kg7 31. Qd4+ 1-0

[Event "Prva liga Centalne Srbije 2009"]
[Site "Vrnjacka Banja"]
[Date "2009.09.23"]
[Round "7.5"]
[White "Radovanovic, Dusan"]
[Black "Tosic, Miroslav"]
[Result "1/2-1/2"]
[WhiteElo "2352"]
[BlackElo "2441"]
[PlyCount "22"]
[EventDate "2009.09.19"]

1. d4 Nf6 2. Nf3 e6 3. Bg5 d5 4. e3 Nbd7 5. Nbd2 h6 6. Bh4 a6 7. Bd3 Be7 8. O-O
c5 9. c3 b6 10. Ne5 Nxe5 11. dxe5 Nd7 1/2-1/2

[Event "Prva liga Centalne Srbije 2009"]
[Site "Vrnjacka Banja"]
[Date "2009.09.23"]
[Round "7.5"]
[White "Ristic, Nenad"]
[Black "Zivkovic, Ivan B"]
[Result "1-0"]
[WhiteElo "2407"]
[BlackElo "2341"]
[PlyCount "79"]
[EventDate "2009.09.19"]

1. e4 c5 2. c3 d5 3. exd5 Qxd5 4. d4 Nf6 5. Nf3 Bg4 6. Nbd2 e6 7. Bc4 Qd8 8.
Qa4+ Nbd7 9. Ne5 Bf5 10. Nb3 cxd4 11. Nxd4 a6 12. Nxd7 Nxd7 13. Nxf5 b5 14.
Bxb5 axb5 15. Qe4 Ra4 16. Nd4 Bc5 17. Be3 e5 18. b3 f5 19. Qxf5 exd4 20. Bg5
Be7 21. bxa4 Bxg5 22. O-O dxc3 23. Rfe1+ Be7 24. axb5 Nf6 25. Rad1 Qb8 26. Qc5
Qb7 27. a4 Kf7 28. Qc4+ Kg6 29. Rd3 h5 30. Rg3+ Ng4 31. h3 Bh4 32. Qd3+ Kf7 33.
hxg4 Rc8 34. Qf5+ Kg8 35. Rxc3 Rf8 36. Qe6+ Kh8 37. g3 Bf6 38. Rc5 g6 39. Qd6
Qf7 40. Rc7 1-0

[Event "Prva liga Centalne Srbije 2009"]
[Site "Vrnjacka Banja"]
[Date "2009.09.23"]
[Round "7.5"]
[White "Dudukovic, Nikola"]
[Black "Vratonjic, Slobo"]
[Result "1/2-1/2"]
[WhiteElo "2210"]
[BlackElo "2409"]
[PlyCount "140"]
[EventDate "2009.09.19"]

1. e4 c5 2. Nc3 e6 3. g3 d5 4. d3 Nf6 5. Bg2 dxe4 6. dxe4 Qxd1+ 7. Nxd1 Nc6 8.
Ne3 h5 9. h3 Bd7 10. Bd2 O-O-O 11. O-O-O h4 12. g4 g5 13. e5 Nh7 14. Nc4 b5 15.
Nd6+ Bxd6 16. exd6 e5 17. c3 Na5 18. Be3 Bc6 19. Bxc6 Nxc6 20. Nf3 f6 21. Bxc5
Nf8 22. Nd2 Ne6 23. Ne4 Rh6 24. Be3 Kd7 25. b3 Rb8 26. Rd2 a6 27. b4 a5 28. a3
Rg6 29. Kc2 Rc8 30. Kb2 Rb8 31. Rd5 Rh6 32. a4 axb4 33. Rxb5 bxc3+ 34. Kxc3
Rxb5 35. axb5 Ncd4 36. Kc4 Rh8 37. Kd5 Rf8 38. b6 Nc6 39. Rb1 f5 40. gxf5 Rxf5
41. b7 Nf4+ 42. Kc4 Rf8 43. Nxg5 Na5+ 44. Kc3 Rb8 45. Ne4 Ne6 46. Rb5 Nxb7 47.
Kd2 Ned8 48. Rxe5 Ra8 49. Rh5 Nf7 50. Rxh4 Nbxd6 51. Nxd6 Nxd6 52. Ke2 Nf5 53.
Rb4 Ke6 54. Kf3 Rh8 55. Kg2 Nh4+ 56. Kh2 Nf5 57. Re4+ Kf7 58. f4 Ra8 59. Bf2
Ra2 60. Kg2 Nh4+ 61. Kg3 Nf5+ 62. Kf3 Ra3+ 63. Kg2 Ra2 64. Kf3 Ra3+ 65. Kg4
Nh6+ 66. Kh4 Kf6 67. Bd4+ Kf5 68. Re7 Kxf4 69. Be3+ Rxe3 70. Rxe3 Nf5+ 1/2-1/2

[Event "Prva liga Centalne Srbije 2009"]
[Site "Vrnjacka Banja"]
[Date "2009.09.23"]
[Round "7.5"]
[White "Zlatanovic, Boroljub"]
[Black "Kolarevic, Darko"]
[Result "1/2-1/2"]
[WhiteElo "2404"]
[BlackElo "2179"]
[PlyCount "75"]
[EventDate "2009.09.19"]

1. c4 Nf6 2. Nc3 g6 3. g3 Bg7 4. Bg2 O-O 5. e4 d6 6. Nge2 c5 7. O-O Nc6 8. a3
Rb8 9. Rb1 a5 10. d3 Bd7 11. h3 Ne8 12. Be3 Nc7 13. a4 Ne6 14. g4 Ned4 15. Ng3
e5 16. Nd5 Ne6 17. Ne2 Kh8 18. b3 Rg8 19. f3 f5 20. Kh2 Ned4 21. Nxd4 Nxd4 22.
Rb2 Be6 23. Bxd4 exd4 24. f4 fxg4 25. hxg4 Qh4+ 26. Bh3 h5 27. Qe1 Qxe1 28.
Rxe1 hxg4 29. Nc7 Bd7 30. Bg2 Rbf8 31. Kg3 Bf6 32. Rh1+ Kg7 33. Nd5 Rh8 34.
Rbb1 Rh5 35. Nxf6 Kxf6 36. Rxh5 gxh5 37. Rh1 Rh8 38. Rh4 1/2-1/2

[Event "Prva liga Centalne Srbije 2009"]
[Site "Vrnjacka Banja"]
[Date "2009.09.23"]
[Round "7.5"]
[White "Pilcevic, Ivan"]
[Black "Lazic, Dragoljub"]
[Result "1-0"]
[WhiteElo "2086"]
[BlackElo "2317"]
[PlyCount "93"]
[EventDate "2009.09.19"]

1. Nf3 Nf6 2. c4 g6 3. Nc3 Bg7 4. e4 d6 5. d4 O-O 6. h3 e5 7. d5 a5 8. Bg5 h6
9. Be3 Na6 10. Be2 Nd7 11. Qd2 Kh7 12. g4 Ndc5 13. Rg1 Bd7 14. h4 f6 15. Nh2 c6
16. Nf1 cxd5 17. cxd5 Rb8 18. Ng3 b5 19. h5 g5 20. f3 Qb6 21. Nf5 a4 22. Rb1 b4
23. Nd1 Rfc8 24. b3 a3 25. Bxc5 Rxc5 26. Rg2 Bxf5 27. gxf5 Nc7 28. Rc1 Bf8 29.
Rxc5 Qxc5 30. Bc4 Be7 31. Qe3 Qa5 32. Rc2 Bd8 33. Be2 Ne8 34. Rc6 Bb6 35. Qd3
Bc5 36. Ne3 Ng7 37. f4 gxf4 38. Nc4 Qa7 39. Nxd6 Bxd6 40. Rxd6 Rg8 41. Rxf6
Nxh5 42. Rg6 Ng3 43. Rxg8 Kxg8 44. d6 Qg1+ 45. Kd2 Qa1 46. d7 Qb2+ 47. Ke1 1-0

[Event "Prva liga Centalne Srbije 2009"]
[Site "Vrnjacka Banja"]
[Date "2009.09.24"]
[Round "8.1"]
[White "Raicevic, Vladimir"]
[Black "Solomunovic, Igor"]
[Result "1/2-1/2"]
[WhiteElo "2401"]
[BlackElo "2422"]
[PlyCount "20"]
[EventDate "2009.09.19"]

1. d4 d5 2. c4 e6 3. cxd5 exd5 4. Nc3 Be7 5. Bf4 c6 6. e3 Bd6 7. Bxd6 Qxd6 8.
Nf3 Nf6 9. h3 Bf5 10. Bd3 Bxd3 1/2-1/2

[Event "Prva liga Centalne Srbije 2009"]
[Site "Vrnjacka Banja"]
[Date "2009.09.24"]
[Round "8.3"]
[White "Marinkovic, Slavisa"]
[Black "Blagojevic, Dragisa"]
[Result "1/2-1/2"]
[WhiteElo "2397"]
[BlackElo "2546"]
[PlyCount "140"]
[EventDate "2009.09.19"]

1. e4 e5 2. Nf3 Nc6 3. d4 exd4 4. Nxd4 Nf6 5. Nxc6 bxc6 6. e5 Qe7 7. Qe2 Nd5 8.
c4 Nb6 9. Nc3 Ba6 10. Qe4 Qe6 11. b3 O-O-O 12. Bb2 Bc5 13. Bd3 f6 14. exf6 Qxf6
15. O-O Rde8 16. Qf5 Qxf5 17. Bxf5 Bd4 18. a4 Kd8 19. Rad1 c5 20. a5 Nc8 21.
Na4 Nd6 22. Bxd4 cxd4 23. Bh3 Re5 24. Rxd4 Rhe8 25. f4 Rxa5 26. Rfd1 g6 27. c5
Nf5 28. Rxd7+ Kc8 29. Rxh7 Kb8 30. g4 Ne3 31. Re1 Bc8 32. Kf2 Nxg4+ 33. Bxg4
Rxe1 34. Rh8 Rc1 35. Bxc8 c6 36. Ba6+ Kc7 37. Rh7+ Kb8 38. Rh8+ Kc7 39. Bd3 Rb5
40. Rh7+ Kb8 41. Bxb5 cxb5 42. Rg7 bxa4 43. bxa4 Rxc5 44. Rxg6 Ra5 45. Re6 Rxa4
46. Kf3 Kc7 47. h4 Kd7 48. Re1 a5 49. h5 Ra2 50. Kg3 Rb2 51. Kg4 a4 52. Ra1 Ke6
53. Rxa4 Rg2+ 54. Kf3 Rh2 55. Ra6+ Kf5 56. Ra5+ Kf6 57. Kg3 Rh1 58. Rb5 Rg1+
59. Kf2 Rh1 60. Rg5 Rh4 61. Kf3 Rh1 62. Re5 Rf1+ 63. Kg3 Rg1+ 64. Kf2 Rh1 65.
Rg5 Rh2+ 66. Kf3 Rh1 67. Ra5 Rf1+ 68. Ke3 Re1+ 69. Kf2 Rh1 70. h6 Rxh6 1/2-1/2

[Event "Prva liga Centalne Srbije 2009"]
[Site "Vrnjacka Banja"]
[Date "2009.09.24"]
[Round "8.3"]
[White "Tosic, Miroslav"]
[Black "Certic, Branimir"]
[Result "1-0"]
[WhiteElo "2441"]
[BlackElo "2413"]
[PlyCount "103"]
[EventDate "2009.09.19"]

1. d4 Nf6 2. c4 e6 3. Nf3 c6 4. e3 Bb4+ 5. Bd2 Bxd2+ 6. Nbxd2 d6 7. Qc2 Nbd7 8.
g4 h6 9. h3 c5 10. Bg2 a6 11. dxc5 Nxc5 12. b4 Ncd7 13. O-O Qc7 14. Nd4 g5 15.
N2f3 Nf8 16. Rfd1 Bd7 17. Rac1 Rc8 18. Qb2 e5 19. Nf5 Bxf5 20. gxf5 N8d7 21.
Nh2 h5 22. c5 dxc5 23. bxc5 Rb8 24. f4 gxf4 25. exf4 O-O 26. Rd6 Rfe8 27. Qf2
exf4 28. Qxf4 Re5 29. Qg5+ Kh7 30. Rxf6 Nxf6 31. Qxf6 Qe7 32. Qxe7 Rxe7 33. Bf3
Kh6 34. Nf1 Kg5 35. Kf2 Re5 36. Ng3 h4 37. Ne4+ Kxf5 38. Nd6+ Ke6 39. Nxb7 Kd7
40. c6+ Kc7 41. Rc4 Rh8 42. Nc5 Ra8 43. a4 Rf5 44. Nd7 Rh8 45. Nc5 a5 46. Nb3
Rg5 47. Nd4 Kb6 48. c7 Rc5 49. Rxc5 Kxc5 50. Nb5 Kb6 51. Bg4 f5 52. Bxf5 1-0

[Event "Prva liga Centalne Srbije 2009"]
[Site "Vrnjacka Banja"]
[Date "2009.09.24"]
[Round "8.3"]
[White "Stamenkovic, Dragan"]
[Black "Ristic, Nenad"]
[Result "0-1"]
[WhiteElo "2391"]
[BlackElo "2407"]
[PlyCount "52"]
[EventDate "2009.09.19"]

1. d4 c5 2. d5 Nf6 3. c4 b5 4. cxb5 a6 5. bxa6 g6 6. Nc3 Bxa6 7. e4 Bxf1 8.
Kxf1 d6 9. Nf3 Nbd7 10. h3 Bg7 11. Kg1 O-O 12. Kh2 Qa5 13. Re1 Rfb8 14. Re2 Ne8
15. Rc2 Nc7 16. Bg5 Qa6 17. Qc1 Nb5 18. Nxb5 Rxb5 19. Bd2 Nf6 20. Bc3 Nxe4 21.
Bxg7 Kxg7 22. Qe3 Nf6 23. Qxe7 Re8 24. Qc7 Nxd5 25. Qd7 Nf6 26. Qc7 Rb7 0-1

[Event "Prva liga Centalne Srbije 2009"]
[Site "Vrnjacka Banja"]
[Date "2009.09.24"]
[Round "8.3"]
[White "Vratonjic, Slobo"]
[Black "Jesic, Dusan"]
[Result "1-0"]
[WhiteElo "2409"]
[BlackElo "2395"]
[PlyCount "45"]
[EventDate "2009.09.19"]

1. e4 c5 2. Nf3 e6 3. d4 cxd4 4. Nxd4 Qb6 5. Nb3 Nc6 6. Nc3 Nf6 7. Qe2 d6 8.
Be3 Qc7 9. g4 h6 10. f4 Be7 11. O-O-O a6 12. Bg2 Na5 13. Nxa5 Qxa5 14. h4 Nd7
15. g5 hxg5 16. hxg5 Rxh1 17. Rxh1 b5 18. Rh8+ Bf8 19. e5 d5 20. g6 b4 21.
gxf7+ Kxf7 22. Nxd5 g6 23. f5 1-0

[Event "Prva liga Centalne Srbije 2009"]
[Site "Vrnjacka Banja"]
[Date "2009.09.24"]
[Round "8.3"]
[White "Jovanovic, Zoran Z"]
[Black "Zlatanovic, Boroljub"]
[Result "0-1"]
[WhiteElo "2354"]
[BlackElo "2404"]
[PlyCount "82"]
[EventDate "2009.09.19"]

1. d4 g6 2. e4 Bg7 3. h4 h5 4. Nf3 d6 5. Ng5 c6 6. c4 Nh6 7. f3 Qb6 8. c5 dxc5
9. dxc5 Qxc5 10. Bf4 Bxb2 11. Nd2 Be5 12. Rc1 Qa5 13. Nh3 Bxh3 14. Bxe5 Qxe5
15. Rxh3 O-O 16. Qb3 b5 17. Be2 Rd8 18. Qe3 Kh7 19. Nb3 Nf5 20. f4 Nxe3 21.
fxe5 Ng4 22. e6 Ne5 23. Rc5 f6 24. Rxe5 fxe5 25. Nc5 a5 26. a4 Na6 27. Nd7 Nc7
28. Rf3 Nxe6 29. Rf7+ Kh6 30. Nxe5 Nd4 31. g4 g5 32. hxg5+ Kxg5 33. gxh5 Nc2+
34. Kf2 Rf8 35. axb5 cxb5 36. Bxb5 Rxf7+ 37. Nxf7+ Kxh5 38. Ba4 Rf8 39. Bxc2
Rxf7+ 40. Ke2 Kg5 41. Ke3 e5 0-1